00814cam a2200241 a 450000100100000000500170001000800410002702000150006804000180008308200240010110000340012524500370015925000110019626000330020730000210024049000340026165000280029565000310032383000420035491000340039695201270043099900150055700000792520200929154343.0941007s1993 sp 000 f spa  a8423322599 aDO-SdBNPcDLC a863.64bV632c, 19931 aVicent, Manuel,d1936-91304810aContra paraiso /cManuel Vicent. a4a ed. aBarcelona :bDestino,c1993. a231 p. ;c20 cm.1 aÁncora y delfínvvol. 695 4aNovela española91123 4aLiteratura española9632 0aÁncora y delfín ;vvol. 69594704 aCatalogación por copia / LC 001052708MOaGRbGRcCTd2009-09-11iLF1l0o863.64 V632c, 1993p7925-10r2020-06-25w2020-06-25y2ZPréstamo interno c7703d7703